Vegetace České republiky. Vegetation of the Czech Republic. 2, Ruderální, plevelová, skalní a suťová vegetace = 2, Ruderal, weed, rock and scree vegetation /

Other Authors: Chytrý, Milan, 1967-
Language: Czech
English
Published: Praha : Academia, 2009
Edition: Vyd. 1.
Subjects:
Online Access: Digitalizovaný dokument
Physical Description: 520 s. : barev. il., mapy ; 24 cm
Language note: Část. souběžný anglický text, anglická resumé, latinské názvosloví
Book
Saved in:
LEADER 02493nam a2200589 a 4500
001 nkc20092011861
003 CZ PrNK
005 20140610123255.0
007 ta
008 091120s2009 xr ab f 001 0 cze
015 |a cnb002011861 
020 |a 978-80-200-1769-7  |q (váz.) 
035 |a (OCoLC)607524899 
040 |a ABA001  |b cze  |d OLA001 
041 1 |a cze  |a eng  |b eng  |h cze 
043 |a e-xr--- 
072 7 |a 581  |x Obecná botanika  |2 Konspekt  |9 2 
080 |a 581.524/.526  |2 MRF 
080 |a 581.526.7  |2 MRF 
080 |a 581.526.65  |2 MRF 
080 |a 581.526.54  |2 MRF 
080 |a (437.3)  |2 MRF 
080 |a (048.8)  |2 MRF 
245 0 0 |a Vegetace České republiky.  |n 2,  |p Ruderální, plevelová, skalní a suťová vegetace =  |b Vegetation of the Czech Republic.  |n 2,  |p Ruderal, weed, rock and scree vegetation /  |c Milan Chytrý (editor) 
246 3 0 |a Ruderální, plevelová, skalní a suťová vegetace 
246 3 0 |a Ruderal, weed, rock and scree vegetation 
246 3 1 |a Vegetation of the Czech Republic 
250 |a Vyd. 1. 
260 |a Praha :  |b Academia,  |c 2009 
300 |a 520 s. :  |b barev. il., mapy ;  |c 24 cm 
504 |a Obsahuje bibliografii a rejstřík 
546 |a Část. souběžný anglický text, anglická resumé, latinské názvosloví 
650 0 7 |a vegetace  |7 ph116558  |z Česko  |2 czenas 
650 0 7 |a ruderální rostlinná společenstva  |7 ph125285  |z Česko  |2 czenas 
650 0 7 |a plevelná společenstva  |7 ph115746  |z Česko  |2 czenas 
650 0 7 |a skalní rostlinná společenstva  |7 ph116149  |z Česko  |2 czenas 
650 0 7 |a suťová rostlinná společenstva  |7 ph550539  |z Česko  |2 czenas 
650 0 9 |a vegetation  |z Czechia  |2 eczenas 
650 0 9 |a ruderal plant communities  |z Czechia  |2 eczenas 
650 0 9 |a weed communities  |z Czechia  |2 eczenas 
650 0 9 |a rock plant communities  |z Czechia  |2 eczenas 
650 0 9 |a scree plant communities  |z Czechia  |2 eczenas 
655 7 |a monografie  |7 fd132842  |2 czenas 
655 9 |a monographs  |2 eczenas 
700 1 |a Chytrý, Milan,  |d 1967-  |7 ola2003204882  |4 edt  |4 aut 
856 4 1 |u http://www.digitalniknihovna.cz/mzk/uuid/uuid:74b88020-b0d0-11f0-bcdb-5ef3fc9bb22f  |y Digitalizovaný dokument  |x NDK 
910 2 |a BOA001  |b 2-1191.570,2 
990 |a BK 
995 |a 01 
991 |b 201003  |c NOV  |j 581 VEG 
996 6 |b 2610423766  |c 2-1191.570,2  |l MZK  |r Sklad / do 1 hodiny  |n 1  |p p.v.  |w 001112603  |u 000010  |a 1  |e BOA001  |j MZK50  |s P 
996 7 |b 2610424410  |c 2-1191.570,2  |l MZK  |r Sklad / do 1 hodiny  |n 24  |p kup  |w 001112603  |u 000020  |a 1  |e BOA001  |j MZK50  |s A